Normal view
MARC view
- OPTICAL PATTERN RECOGNITION, IMAGE PROCESSING, NEURAL NETWORKS.IMAGE ANALYSIS
Entry Topical Term
001 - CONTROL NUMBER
- control field: 57445
003 - CONTROL NUMBER IDENTIFIER
- control field: NUST
005 - DATE AND TIME OF LATEST TRANSACTION
- control field: 20210628201926.0
008 - FIXED-LENGTH DATA ELEMENTS
- fixed length control field: 210628|| aca||aabn | a|a d
040 ## - CATALOGING SOURCE
- Original cataloging agency: NUST
- Transcribing agency: NUST
150 ## - HEADING--TOPICAL TERM
- Topical term or geographic name entry element: OPTICAL PATTERN RECOGNITION, IMAGE PROCESSING, NEURAL NETWORKS.IMAGE ANALYSIS
670 ## - SOURCE DATA FOUND
- Source citation: Work cat.: (NUST): Gose, Earl ,Johnsonbaugh, Richard ,Jost, Steve 57444, Pattern recognition and image analysis, 2004
